|
|
|
|
| LEADER |
00000naa2a2200000 4500 |
| 001 |
90790 |
| 005 |
20241102112610.0 |
| 035 |
|
|
|a (RuTPU)RU\TPU\book\97349
|
| 090 |
|
|
|a 90790
|
| 100 |
|
|
|a 20060215d2002 k y0rusy50 ca
|
| 101 |
0 |
|
|a rus
|
| 102 |
|
|
|a RU
|
| 200 |
1 |
|
|a Испытательный полигон для проведения испытаний повышенным напряжением
|f М. И. Квасников
|g науч. рук. В. И. Меркулов
|
| 463 |
|
0 |
|0 (RuTPU)RU\TPU\book\68512
|t Электротехника, электромеханика и электротехнологии
|o Труды Второй региональной научно-практической студенческой конференции, Томск, 4-7 июня 2002 г.
|f Томский политехнический университет; Электротехнический институт
|v С. 18-19.
|d 2002
|p 146 с.
|
| 610 |
1 |
|
|a испытательные полигоны
|
| 610 |
1 |
|
|a испытания
|
| 610 |
1 |
|
|a кабели
|
| 610 |
1 |
|
|a надежность
|
| 610 |
1 |
|
|a контроль
|
| 610 |
1 |
|
|a труды учёных ТПУ
|
| 700 |
|
1 |
|a Квасников
|b М. И.
|
| 702 |
|
1 |
|a Меркулов
|b В. И.
|4 727
|
| 801 |
|
1 |
|a RU
|b 63413507
|c 20060215
|g PSBO
|
| 801 |
|
2 |
|a RU
|b 63413507
|c 20090728
|g PSBO
|
| 942 |
|
|
|c BK
|